Wszystkie miasta, przez które przepływa Warta - Po kolei - Statystyki

Ogólne statystyki
  • Ten quiz został rozwiązany 5 razy
  • Średni wynik to 15 z 23
Statystyki odpowiedzi
Miasta % Poprawnych
Gorzów Wielkopolski
80%
Konin
80%
Kostrzyn nad Odrą
80%
Oborniki
80%
Poznań
80%
Sieradz
80%
Warta
80%
Wronki
80%
Zawiercie
80%
Częstochowa
60%
Działoszyn
60%
Koło
60%
Międzychód
60%
Myszków
60%
Osjaków
60%
Pyzdry
60%
Sieraków
60%
Skwierzyna
60%
Śrem
60%
Uniejów
60%
Luboń
40%
Mosina
40%
Puszczykowo
40%
Nie znaleziono quizów pasujących do podanych kryteriów
Rozkład punktacji
Procent ludzi z każdym wynikiem
Percentyl według liczby udzielonych odpowiedzi
Twoja historia wyników
Nie rozwiązałeś tego quizu